| 000 | 01895nam a22002657a 4500 | ||
|---|---|---|---|
| 003 | PE SENCICO BE | ||
| 005 | 20251020182711.0 | ||
| 008 | 250205b |||||||| |||| 00| 0 eng d | ||
| 020 | _a978-958-792-128-1 | ||
| 040 |
_aPE SENCICO BE _cPE SENCICO BE |
||
| 041 | _aspa | ||
| 082 |
_a720.28 _bF81 |
||
| 100 | 1 |
_92911 _aFraile, Marcelo Alejandro _eautor |
|
| 245 | 1 |
_aArquitectura biodigital : _bhacia un nuevo paradigma en la arquitectura contemporánea / _cMarcelo Alejandro Fraile |
|
| 260 |
_aBogotá : _bEdiciones de la U ; _c2020 |
||
| 300 |
_a373 páginas : _bilustraciones ; _c28 cm. |
||
| 440 |
_9793 _aArquitectura |
||
| 505 | 0 | _aParte 1: Presentación del problema. Un acercamiento al problema -- Estableciendo el marco teórico de acción -- Parte 2: Algunas ideas de paradigmas y sus ciclos. Los paradigmas y sus ciclos. Los paradigmas en la historia -- La etapa pretórica -- El paradigma clásico -- El paradigma mecánico -- Parte 3: El punto de inflexión. El estado de crisis según Kuhn -- Anomalía 1. Globalización. Juntos pero divididos -- Anomalía 2. Las nuevas herramientas digitales de representación -- Anomalía 3. La materialidad: Prefabricación a la carta -- Anomalía 4. La ecología: cuando todo es verde -- Anomalía 6. Los metadiseñadores -- Anomalía 7. El diseño paramétrico -- Un ejemplo. Ocho anomalías: El Museo Guggenheim de Bilbao -- Parte 4. El nuevo paradigma biológico digital. El génesis biológico -- El modelo biológico -- El modelo biológico digital -- Morfogenésis digital en arquitectura -- Arquitectura biodagmática -- Arquitectura bioalgoritmica -- Arquitectura bionimética -- Arquitectura genética. | |
| 650 | 1 | 0 |
_949 _aArquitectura |
| 650 | 2 | 0 |
_9472 _aArquitectura contemporánea |
| 650 | 2 | 0 |
_9670 _aTeoría de la arquitectura |
| 650 | 2 | 0 |
_91424 _aArquitectura estética |
| 910 |
_ahfp _bhfp _chfp |
||
| 942 |
_2ddc _cLIB |
||
| 999 |
_c5087 _d5087 |
||